CONTEMPORARY MARKETING, (Record no. 6199)
[ view plain ]
| 000 -LEADER | |
|---|---|
| fixed length control field | 00257nam a22001097a 4500 |
| 008 - FIXED-LENGTH DATA ELEMENTS--GENERAL INFORMATION | |
| fixed length control field | 180522b ||||| |||| 00| 0 eng d |
| 020 ## - INTERNATIONAL STANDARD BOOK NUMBER | |
| Canceled/invalid ISBN | 0-324-236673-5 |
| 050 ## - LIBRARY OF CONGRESS CALL NUMBER | |
| Classification number | 658.8 BOO |
| 100 ## - MAIN ENTRY--PERSONAL NAME | |
| Personal name | BOONE, LOUIS E. |
| 245 ## - TITLE STATEMENT | |
| Title | CONTEMPORARY MARKETING, |
| 260 ## - PUBLICATION, DISTRIBUTION, ETC. (IMPRINT) | |
| Date of publication, distribution, etc. | 2006, |
No items available.